| 000 | 00927nam a2200253Ia 4500 | ||
|---|---|---|---|
| 003 | GCL | ||
| 005 | 20240530104716.0 | ||
| 008 | 140319s9999 xx 000 0 ara d | ||
| 040 |
_aGCL / _cGCL |
||
| 082 | 0 | 4 |
_a811.052 _bن ا |
| 100 | 1 | 2 | _aنيرودا ، بابلو |
| 245 | 1 | 0 |
_aاسبانيا فى القلب وقصائد اخرى / _c تاليف نيرودا ، بابلو ؛ مترجم ماهر البطوطى |
| 260 |
_aالقاهرة : _bالهئية المصرية العامة للكتاب ؛ _c1997 |
||
| 300 |
_a189 ص؛ _b240 سم |
||
| 490 |
_aالهيئة العامة للاستعلامات _v0 |
||
| 650 | 0 | 4 | _aالادب |
| 650 | 0 | 4 | _aالشعر |
| 650 | 0 | 4 | _aالشعر الغنائى |
| 650 | 0 | 4 | _aالشعر - دواوين و قصائد |
| 650 | 0 | 4 | _aالشعر - مجموعات |
| 650 | 0 | 4 | _aالشعر - تاريخ ونقد |
| 700 | 1 |
_aماهر البطوطى _4مترجم |
|
| 942 |
_2ddc _cBK |
||
| 999 |
_c50039 _d50039 |
||